[Event "Russian Championship G17 1st league 2016"]
[Site "Loo"]
[Date "2016.04.26"]
[Round "7.18"]
[White "Lanina, Evgenia"]
[Black "Tatarinova, Elena"]
[Result "1-0"]
[WhiteElo "1499"]
[BlackElo "1726"]
[PlyCount "83"]
[EventDate "2016.04.20"]

1. e4 c5 2. Nf3 Nc6 3. d4 cxd4 4. Nxd4 g6 5. Nc3 Bg7 6. Be3 d6 7. Qd2 Nf6 8. f3
O-O 9. O-O-O Nxd4 10. Bxd4 Be6 11. Kb1 Nd7 12. Bxg7 Kxg7 13. Qd4+ Kg8 14. g4
Qa5 15. h4 Qe5 16. Qe3 f5 17. gxf5 Rxf5 18. Bh3 Rf7 19. Bxe6 Qxe6 20. h5 Raf8
21. hxg6 hxg6 22. Qh6 Qf6 23. Rdg1 Rg7 24. Nd5 Qe6 25. Nf4 Rxf4 26. Qxf4 Nf6
27. Qh6 Kf7 28. Qh3 Nh5 29. Qxe6+ Kxe6 30. Rxh5 gxh5 31. Rxg7 Kf6 32. Rh7 Kg6
33. Rxe7 h4 34. Re6+ Kg5 35. Rxd6 h3 36. Rd8 Kf4 37. Rh8 Kg3 38. e5 h2 39. Rxh2
Kxh2 40. e6 Kg2 41. e7 Kxf3 42. e8=Q 1-0

[Event "Russian Championship G17 2016"]
[Site "Loo"]
[Date "2016.04.26"]
[Round "7.1"]
[White "Shuvalova, Polina"]
[Black "Korchagina, Alena"]
[Result "1-0"]
[WhiteElo "2196"]
[BlackElo "2031"]
[PlyCount "91"]
[EventDate "2016.04.20"]

1. e4 e5 2. Nf3 Nc6 3. Bb5 a6 4. Ba4 Nf6 5. O-O Be7 6. Re1 b5 7. Bb3 d6 8. c3
O-O 9. h3 Nb8 10. d4 Nbd7 11. Nbd2 Re8 12. Bxf7+ Kh8 13. Bxe8 Qxe8 14. Nf1 Bb7
15. Ng3 Bf8 16. a4 c5 17. b3 b4 18. dxe5 Nxe5 19. cxb4 Nxf3+ 20. Qxf3 cxb4 21.
Bb2 Nd7 22. Rac1 Nc5 23. Re3 Qe6 24. a5 Re8 25. Bd4 Qd7 26. Qf5 Qxf5 27. Nxf5
Rxe4 28. Rxe4 Bxe4 29. Nxd6 Nxb3 30. Rc8 Kg8 31. Be3 Bd3 32. Bg5 Nd4 33. Be7
Ne6 34. Rb8 g6 35. f3 Bc2 36. Bxf8 Nxf8 37. Rxb4 Ne6 38. Rb6 Bd3 39. Ne4 Nd4
40. Rd6 Ne2+ 41. Kf2 Bc4 42. Nc5 Nc1 43. Ke3 Bf1 44. Kd2 Na2 45. Rb6 Bxg2 46.
Rb2 1-0

[Event "Russian Championship G17 2016"]
[Site "Loo"]
[Date "2016.04.26"]
[Round "7.2"]
[White "Nosacheva, Mariya"]
[Black "Protopopova, Anastasiya"]
[Result "0-1"]
[WhiteElo "2021"]
[BlackElo "2188"]
[PlyCount "80"]
[EventDate "2016.04.20"]

1. e4 e5 2. Nf3 Nc6 3. Bb5 a6 4. Ba4 Nf6 5. O-O Be7 6. Re1 b5 7. Bb3 d6 8. c3
O-O 9. h3 Nb8 10. d4 Nbd7 11. Nbd2 Bb7 12. Bc2 Re8 13. Nf1 Bf8 14. Ng3 g6 15.
Bg5 h6 16. Bd2 Bg7 17. b3 exd4 18. cxd4 c5 19. Bc3 Rc8 20. Bb2 cxd4 21. Bxd4
Nc5 22. b4 Ncxe4 23. Nxe4 Bxe4 24. Bxe4 Nxe4 25. Bxg7 Kxg7 26. a4 Qb6 27. Qe2
d5 28. axb5 axb5 29. Ra5 Rc4 30. Qb2+ Kh7 31. Re2 Rec8 32. Ne5 Rc1+ 33. Kh2 Qf6
34. Rxb5 R8c3 35. Nd3 Rxd3 36. Qxc1 Nc3 37. Qc2 Qf4+ 38. g3 Qf3 39. Rb7 Nxe2
40. Rxf7+ Qxf7 0-1

[Event "Russian Championship G17 2016"]
[Site "Loo"]
[Date "2016.04.26"]
[Round "7.3"]
[White "Borisova, Ekaterina"]
[Black "Gorovenko, Darya"]
[Result "1/2-1/2"]
[WhiteElo "2058"]
[BlackElo "2082"]
[PlyCount "132"]
[EventDate "2016.04.20"]

1. d4 d5 2. Nf3 e6 3. c4 c6 4. Qc2 Nf6 5. Bg5 Be7 6. Nbd2 Nbd7 7. e3 O-O 8. Bd3
dxc4 9. Nxc4 h6 10. Bh4 Nd5 11. Bxe7 Qxe7 12. a3 c5 13. O-O b5 14. Na5 c4 15.
Be2 Qd8 16. Nc6 Qb6 17. Nce5 N7f6 18. a4 bxa4 19. Rxa4 Qb3 20. Rxc4 Rb8 21. Nc6
Ba6 22. Nxb8 Bxc4 23. Qxc4 Rxb8 24. Rb1 Ne4 25. Qxb3 Rxb3 26. Bc4 Rb4 27. Bd3
Nd6 28. Kf1 a5 29. Ra1 a4 30. Ra2 f6 31. Bc2 Nb6 32. Ne1 Ndc4 33. Nd3 Rb5 34.
Bxa4 Nxa4 35. Rxa4 Nxb2 36. Ra8+ Kf7 37. Ra7+ Kg8 38. Nc5 e5 39. Ne6 Nd3 40.
Rxg7+ Kh8 41. Rg6 Rb1+ 42. Ke2 e4 43. g4 Rb2+ 44. Kf1 Rxf2+ 45. Kg1 Rf3 46. d5
Ne5 47. d6 Rxe3 48. Rxh6+ Kg8 49. Nc5 Kg7 50. g5 Re1+ 51. Kf2 Rd1 52. Ke2 Rd5
53. Nxe4 fxg5 54. Re6 Nf7 55. Nf6 Nd8 56. Ne8+ Kf8 57. Re3 Nf7 58. Re6 Re5+ 59.
Rxe5 Nxe5 60. Nc7 Kf7 61. Kf2 Nc4 62. Nb5 Ke6 63. Kg3 Nxd6 64. Nxd6 Kxd6 65.
Kg4 Ke6 66. Kxg5 Kf7 1/2-1/2

[Event "Russian Championship G17 2016"]
[Site "Loo"]
[Date "2016.04.26"]
[Round "7.4"]
[White "Krapivina, Galina"]
[Black "Mylnikova, Olga"]
[Result "0-1"]
[WhiteElo "1859"]
[BlackElo "2194"]
[PlyCount "78"]
[EventDate "2016.04.20"]

1. d4 Nf6 2. Bf4 g6 3. e3 Bg7 4. Nf3 Nh5 5. Bg3 Nxg3 6. hxg3 d6 7. Nbd2 Nd7 8.
c3 e5 9. Bc4 Qe7 10. Qc2 c6 11. Bd3 O-O 12. O-O-O Re8 13. Rh2 Nf8 14. Rdh1 b5
15. dxe5 dxe5 16. e4 a5 17. Nh4 a4 18. f4 Be6 19. a3 Bd7 20. Nhf3 c5 21. Nxe5
Bxe5 22. fxe5 c4 23. Be2 Qxe5 24. Bf3 Rad8 25. Rh4 Qxg3 26. e5 Qxe5 27. Ne4 Bf5
28. Kb1 Bxe4 29. Rxe4 Qg5 30. Reh4 Rd2 31. Qc1 Red8 32. Ka1 Qf5 33. Be4 Qf2 34.
R4h3 Qf4 35. Bf3 Qd6 36. Qe1 Qf6 37. Qg3 Rxb2 38. Kxb2 Rd2+ 39. Kb1 Qxc3 0-1

[Event "Russian Championship G17 2016"]
[Site "Loo"]
[Date "2016.04.26"]
[Round "7.5"]
[White "Golovkina, Anastasia"]
[Black "Afonasieva, Anna"]
[Result "0-1"]
[WhiteElo "1881"]
[BlackElo "2133"]
[PlyCount "52"]
[EventDate "2016.04.20"]

1. e4 c5 2. Nf3 a6 3. c4 Nc6 4. d4 cxd4 5. Nxd4 e5 6. Nf5 d5 7. cxd5 Bxf5 8.
exf5 Nd4 9. Nc3 Bb4 10. Bd3 Qxd5 11. Qa4+ Nc6 12. Qxb4 Nxb4 13. Nxd5 Nxd3+ 14.
Ke2 Rd8 15. Nc7+ Ke7 16. Rd1 e4 17. Bg5+ Nf6 18. f3 exf3+ 19. Kxf3 Rd7 20. Ke2
Rhd8 21. b3 h6 22. Bxf6+ Kxf6 23. g3 Kxf5 24. Rf1+ Kg6 25. Rad1 Re7+ 26. Kf3
Rxc7 0-1

[Event "Russian Championship G17 2016"]
[Site "Loo"]
[Date "2016.04.26"]
[Round "7.6"]
[White "Milovanova, Maria"]
[Black "Martynyuk, Elizaveta"]
[Result "1-0"]
[WhiteElo "1844"]
[BlackElo "2059"]
[PlyCount "55"]
[EventDate "2016.04.20"]

1. c4 c6 2. e4 d5 3. exd5 cxd5 4. d4 Nf6 5. Nc3 Nc6 6. Nf3 Bg4 7. cxd5 Nxd5 8.
Qb3 Nb6 9. d5 Bxf3 10. gxf3 Ne5 11. Bb5+ Nbd7 12. Be2 Nc5 13. Qd1 e6 14. f4 Ng6
15. b4 Nd7 16. Be3 Nh4 17. O-O Nf6 18. Qa4+ Nd7 19. Bg4 h5 20. Bh3 b5 21. Nxb5
f5 22. Nd4 a5 23. Nxe6 Qb8 24. Qc6 Ra7 25. Bxa7 Qxa7 26. Nc5 axb4 27. Qc8+ Kf7
28. Qxd7+ 1-0

[Event "Russian Championship G17 2016"]
[Site "Loo"]
[Date "2016.04.26"]
[Round "7.7"]
[White "Simakova, Elena"]
[Black "Illina, Natalia"]
[Result "0-1"]
[WhiteElo "1826"]
[BlackElo "1945"]
[PlyCount "90"]
[EventDate "2016.04.20"]

1. e4 c5 2. Nf3 g6 3. d4 cxd4 4. Qxd4 Nf6 5. e5 Nc6 6. Qf4 Nd5 7. Qe4 Ndb4 8.
Bb5 d5 9. Qxb4 Bd7 10. Bxc6 bxc6 11. O-O h6 12. c3 Rb8 13. Qf4 Bg7 14. Nbd2 O-O
15. Nb3 f6 16. Qg3 g5 17. Re1 f5 18. e6 Be8 19. Ne5 f4 20. Qd3 Qd6 21. Nf3 c5
22. c4 d4 23. Nbd2 Bh5 24. Ne4 Qc6 25. b3 Bg6 26. Ba3 Kh8 27. Nfd2 Rf5 28. Nxc5
g4 29. Qe4 Qc7 30. Na6 Qa5 31. Nxb8 Qxd2 32. Qb7 g3 33. Rf1 d3 34. Rad1 gxf2+
35. Kh1 Qxa2 36. Qxe7 f3 37. g3 Bf8 38. Qxa7 Qxa3 39. Qd4+ Bg7 40. Qxd3 Kh7 41.
Qd7 Qa8 42. Qc7 Qe4 43. Rd7 Qe2 44. Rdd1 Re5 45. Nd7 Qxd1 0-1

[Event "Russian Championship G17 2016"]
[Site "Loo"]
[Date "2016.04.26"]
[Round "7.8"]
[White "Guseva, Lidia"]
[Black "Tishova, Svetlana"]
[Result "1-0"]
[WhiteElo "2065"]
[BlackElo "1946"]
[PlyCount "147"]
[EventDate "2016.04.20"]

1. d4 d5 2. Nf3 Nf6 3. Bg5 Nbd7 4. Nbd2 c5 5. e3 Qc7 6. Bf4 Qb6 7. Rb1 Nh5 8.
Bg3 Nxg3 9. hxg3 Nf6 10. dxc5 Qxc5 11. Nb3 Qc7 12. Bb5+ Bd7 13. Bxd7+ Qxd7 14.
Nc5 Qb5 15. Nb3 e6 16. c3 Bd6 17. Nbd4 Qa6 18. Qb3 O-O 19. a3 Rac8 20. Qd1 g6
21. Ng5 Kg7 22. Qe2 Qxe2+ 23. Kxe2 e5 24. Nc2 h6 25. Nf3 b5 26. Rhd1 Rfd8 27.
Nb4 Bb8 28. Na6 Re8 29. Nb4 Red8 30. Na6 Bd6 31. Nb4 Bxb4 32. axb4 Re8 33. Ra1
Re7 34. Ra5 Rb8 35. Rda1 Rbb7 36. Rd1 Kf8 37. Ne1 Rec7 38. Nd3 Nd7 39. Nc1 Nf6
40. Nd3 Nd7 41. Nc1 Nf6 42. Nb3 Ke7 43. Nc5 Rb6 44. Rda1 Nd7 45. Rxa7 Rbc6 46.
Nxd7 Kxd7 47. Rxc7+ Rxc7 48. Ra5 Rb7 49. Kd3 Rb6 50. f3 Ke6 51. b3 f5 52. Ra1
h5 53. f4 exf4 54. gxf4 Kd6 55. Kd4 Rc6 56. Ra7 Ke6 57. Ra5 Rb6 58. Kc5 Rb8 59.
Rxb5 Rc8+ 60. Kd4 Rd8 61. Ra5 h4 62. b5 Kd6 63. Ra6+ Kc7 64. Rxg6 Re8 65. Rh6
Rg8 66. Rxh4 Rxg2 67. Rh5 Kd6 68. Rh6+ Kc7 69. Rf6 Rd2+ 70. Kc5 Rd3 71. c4 Rxe3
72. Rxf5 Rxb3 73. Rxd5 Rf3 74. f5 1-0

[Event "Russian Championship G17 2016"]
[Site "Loo"]
[Date "2016.04.26"]
[Round "7.9"]
[White "Erdenieva, Oyuna"]
[Black "Makhno, Maria"]
[Result "1-0"]
[WhiteElo "2123"]
[BlackElo "1962"]
[PlyCount "119"]
[EventDate "2016.04.20"]

1. d4 d5 2. c4 c6 3. cxd5 cxd5 4. Bf4 Nc6 5. e3 Bf5 6. Nc3 e6 7. Rc1 Nf6 8. Nf3
Qb6 9. Bb5 Bb4 10. Qa4 O-O 11. O-O Rac8 12. a3 Be7 13. Bxc6 Qxc6 14. Ne5 Qxa4
15. Nxa4 Ne4 16. g4 Bg6 17. b4 Bh4 18. Bg3 Bxg3 19. hxg3 Nd2 20. Rfd1 Be4 21.
Nc5 Nf3+ 22. Nxf3 Bxf3 23. Re1 Rc7 24. g5 Rfc8 25. Nd3 Be4 26. Rxc7 Rxc7 27.
Rc1 Rc4 28. Rxc4 dxc4 29. Nc5 c3 30. Kf1 Bd5 31. Ke1 b6 32. Na4 c2 33. Kd2 Bb3
34. Nb2 Kf8 35. Nd3 f6 36. gxf6 gxf6 37. Ne1 Ke7 38. Nxc2 Kd6 39. e4 Kc6 40.
Kc3 Ba2 41. Ne3 Kb5 42. d5 exd5 43. Nxd5 f5 44. Nf6 fxe4 45. Nxh7 a5 46. Nf6
Bb1 47. Nd5 Kc6 48. Kd4 axb4 49. axb4 Bd3 50. Nc3 Bc2 51. g4 Bd3 52. Nxe4 Be2
53. g5 Bh5 54. Nc3 Kd6 55. f4 Bg6 56. Nd5 b5 57. Nc3 Be8 58. f5 Bd7 59. g6 Be8
60. Nd5 1-0

[Event "Russian Championship G17 2016"]
[Site "Loo"]
[Date "2016.04.26"]
[Round "7.10"]
[White "Khristenko, Anna"]
[Black "Potapova, Margarita"]
[Result "0-1"]
[WhiteElo "1962"]
[BlackElo "2109"]
[PlyCount "85"]
[EventDate "2016.04.20"]

1. Nf3 c5 2. g3 Nc6 3. Bg2 e5 4. d3 d5 5. O-O Be7 6. Nbd2 Be6 7. e4 Nf6 8. c3
O-O 9. h3 dxe4 10. dxe4 Nd7 11. Qe2 Rb8 12. Rd1 b5 13. Nf1 Qc8 14. Ne3 Rd8 15.
Nd5 Bf8 16. Nh4 Nb6 17. Nxb6 Rxd1+ 18. Qxd1 Rxb6 19. Be3 Rb7 20. Kh2 Rd7 21.
Qe1 Qd8 22. Nf3 f6 23. Nd2 c4 24. Bf1 Na5 25. b4 cxb3 26. axb3 Rb7 27. b4 Nc6
28. Be2 a5 29. bxa5 Nxa5 30. Qf1 b4 31. cxb4 Rxb4 32. Rb1 Nc6 33. Rxb4 Bxb4 34.
Bc4 Qe7 35. Bxe6+ Qxe6 36. Nf3 h6 37. Qb5 Be7 38. Bc5 Kh7 39. Bxe7 Nxe7 40. Kg2
Qd6 41. Qb1 Nc6 42. Qb6 Qd7 43. Qb5 0-1

[Event "Russian Championship G17 2016"]
[Site "Loo"]
[Date "2016.04.26"]
[Round "7.11"]
[White "Troyanok, Tatiana"]
[Black "Kozina, Anastasia"]
[Result "0-1"]
[WhiteElo "1772"]
[BlackElo "1994"]
[PlyCount "102"]
[EventDate "2016.04.20"]

1. d4 e6 2. c4 Nf6 3. g3 d5 4. Bg2 dxc4 5. Nf3 Nc6 6. O-O Rb8 7. e3 b5 8. a4 a6
9. b3 cxb3 10. Qxb3 Be7 11. axb5 Rxb5 12. Qc3 Nb4 13. Ne5 O-O 14. Nc6 Nxc6 15.
Bxc6 Nd5 16. Qc4 Rb4 17. Qc2 Rb6 18. Ba4 Bb7 19. Na3 Nb4 20. Qd2 Ba8 21. f3 c5
22. Nc4 Rb8 23. Bb2 Qd5 24. Bb3 Qh5 25. Ne5 Rfd8 26. Qe2 Bd5 27. Bxd5 exd5 28.
Bc3 cxd4 29. exd4 Rdc8 30. Nd7 Rxc3 31. Nxb8 Rc2 32. g4 Qh4 33. Qe5 h6 34. Rad1
Bf6 35. Qg3 Qxg3+ 36. hxg3 Rc4 37. Rfe1 Bxd4+ 38. Kh1 g6 39. Nd7 Nc6 40. Rc1
Kg7 41. Kg2 a5 42. Rb1 a4 43. Re2 Nb4 44. Ne5 Rc2 45. Rxc2 Nxc2 46. Nc6 Bc5 47.
Rc1 Ne3+ 48. Kf2 Nc4+ 49. Ke2 a3 50. Na5 Nxa5 51. Rxc5 Nb3 0-1

[Event "Russian Championship G17 2016"]
[Site "Loo"]
[Date "2016.04.26"]
[Round "7.12"]
[White "Aksenova, Maria"]
[Black "Barbaeva, Irina"]
[Result "1-0"]
[WhiteElo "1919"]
[BlackElo "1968"]
[PlyCount "57"]
[EventDate "2016.04.20"]

1. d4 d5 2. Nf3 Nf6 3. e3 c5 4. b3 g6 5. Bb2 Bg7 6. Bd3 O-O 7. O-O Nbd7 8. Nbd2
Re8 9. Qe2 b6 10. Rad1 Bb7 11. Ne5 Rc8 12. f4 a6 13. Ndf3 b5 14. c4 dxc4 15.
bxc4 b4 16. Ng5 Rf8 17. Ngxf7 Rxf7 18. Nxf7 Kxf7 19. e4 Kg8 20. e5 Ne8 21. d5
Nb6 22. f5 Na4 23. fxg6 Nxb2 24. Qxb2 hxg6 25. Bxg6 Qb6 26. Bf7+ Kh8 27. Rd3
Bh6 28. e6+ Ng7 29. Rh3 1-0

[Event "Russian Championship G17 2016"]
[Site "Loo"]
[Date "2016.04.26"]
[Round "7.13"]
[White "Yanuchenko, Polina"]
[Black "Perfilova, Maria"]
[Result "1-0"]
[WhiteElo "2092"]
[BlackElo "1844"]
[PlyCount "83"]
[EventDate "2016.04.20"]

1. d4 f5 2. Nc3 Nf6 3. Bg5 Ne4 4. Nxe4 fxe4 5. Qd2 d5 6. f3 Bf5 7. g4 Bg6 8.
Bg2 Nd7 9. fxe4 dxe4 10. Qf4 c5 11. d5 Qb6 12. O-O-O Nf6 13. Bh4 Rd8 14. Nh3
Qa6 15. Bxf6 gxf6 16. Kb1 Qxe2 17. Rd2 Qc4 18. d6 Rxd6 19. Rxd6 exd6 20. Qxf6
e3 21. Rc1 Bf7 22. b3 Qd4 23. Qf5 Ke7 24. Ng5 Bg8 25. Qc8 Bd5 26. Bxd5 Qxd5 27.
Qc7+ Ke8 28. h4 e2 29. Nxh7 Be7 30. Qc8+ Kf7 31. Qxh8 Qd1 32. Qc3 Kg8 33. Ng5
Bf6 34. Qxf6 Qxc1+ 35. Kxc1 e1=Q+ 36. Kb2 Qe5+ 37. Qxe5 dxe5 38. Kc3 a6 39. a4
b5 40. axb5 axb5 41. Kd3 Kg7 42. Ne6+ 1-0

[Event "Russian Championship G17 2016"]
[Site "Loo"]
[Date "2016.04.26"]
[Round "7.14"]
[White "Skomorokhina, Ekaterina"]
[Black "Sakorenko, Adriana"]
[Result "1-0"]
[WhiteElo "1883"]
[BlackElo "1969"]
[PlyCount "65"]
[EventDate "2016.04.20"]

1. d4 Nf6 2. Bf4 e6 3. e3 b6 4. Nf3 Bb7 5. h3 Be7 6. Bd3 O-O 7. O-O c5 8. c3 d6
9. Qe2 cxd4 10. cxd4 Nbd7 11. Nc3 Nd5 12. Nxd5 Bxd5 13. e4 Bb7 14. Rad1 Re8 15.
e5 dxe5 16. dxe5 Bd5 17. Bb1 Qc8 18. Ng5 Bxg5 19. Bxg5 Nf8 20. Qg4 Qc4 21. Rd4
Qc7 22. Re1 b5 23. Qh5 g6 24. Qh6 f5 25. exf6 Qf7 26. h4 Rac8 27. h5 gxh5 28.
f3 Rc7 29. Bf4 Rd7 30. Re5 Kh8 31. Rg5 e5 32. Rg7 exd4 33. Bxh7 1-0

[Event "Russian Championship G17 2016"]
[Site "Loo"]
[Date "2016.04.26"]
[Round "7.15"]
[White "Kosheparova, Tatiana"]
[Black "Shojhet, Sofiy"]
[Result "1-0"]
[WhiteElo "1933"]
[BlackElo "1807"]
[PlyCount "71"]
[EventDate "2016.04.20"]

1. e4 c6 2. d4 d5 3. exd5 cxd5 4. Bd3 Nf6 5. c3 Bg4 6. Qa4+ Nbd7 7. Bf4 e6 8.
Nd2 Be7 9. Ngf3 Bxf3 10. Nxf3 O-O 11. Qc2 Rc8 12. O-O a6 13. a4 h6 14. Ne5 Qb6
15. a5 Qd8 16. h3 Nxe5 17. dxe5 Nd7 18. Qe2 Bg5 19. Bh2 Re8 20. Qh5 Nc5 21. Bc2
b5 22. f4 Be7 23. f5 d4 24. f6 gxf6 25. Qxh6 f5 26. Rf3 Bh4 27. Rd1 d3 28. Bxd3
Ne4 29. Bc2 Qg5 30. Qxg5+ Bxg5 31. Bxe4 fxe4 32. Rg3 Rcd8 33. Rxg5+ Kf8 34.
Rxd8 Rxd8 35. Bf4 Rd1+ 36. Kf2 1-0

[Event "Russian Championship G17 2016"]
[Site "Loo"]
[Date "2016.04.26"]
[Round "7.16"]
[White "Suleimanova, Renata"]
[Black "Shafigullina, Zarina"]
[Result "0-1"]
[WhiteElo "1789"]
[BlackElo "1930"]
[PlyCount "130"]
[EventDate "2016.04.20"]

1. Nf3 Nf6 2. g3 d5 3. Bg2 c5 4. O-O Nc6 5. d4 h5 6. c4 dxc4 7. dxc5 Qa5 8. Nd4
Bd7 9. Nxc6 Bxc6 10. Bxc6+ bxc6 11. Qd4 h4 12. Qxc4 hxg3 13. fxg3 Qd8 14. Nc3
Qd7 15. Ne4 Nd5 16. Ng5 f6 17. Nf3 Rb8 18. e4 Rb4 19. Qe2 Nc7 20. Rd1 Qg4 21.
Bf4 e5 22. Qd2 Bxc5+ 23. Be3 Bxe3+ 24. Qxe3 Rxe4 25. Qxa7 O-O 26. Qxc7 Qxf3 27.
Rd7 Rg4 28. Rad1 Qe3+ 29. Kh1 Qf3+ 30. Kg1 Rg5 31. Rd8 Rxd8 32. Qxd8+ Kh7 33.
Qd3+ Qxd3 34. Rxd3 Rg4 35. Rc3 Rb4 36. b3 Rd4 37. Rc2 Kg6 38. a4 Rd3 39. Rb2
Kf5 40. b4 Ra3 41. a5 Ke4 42. Kf2 Kd3 43. Re2 Ra4 44. Rb2 Kc3 45. Rb1 Kc2 46.
Re1 Rxb4 47. Re2+ Kc3 48. Ra2 Rb7 49. Ra1 c5 50. Ke3 Ra7 51. Ke4 Kb2 52. Ra4
Kb3 53. Ra1 c4 54. a6 c3 55. Rb1+ Kc4 56. Rb6 c2 57. Rc6+ Kb3 58. Rb6+ Kc3 59.
Rc6+ Kb2 60. Rb6+ Kc1 61. Ke3 f5 62. Rc6 Kd1 63. Rd6+ Ke1 64. Rc6 Rxa6 65. Rxc2
Ra3+ 0-1

[Event "Russian Championship G17 2016"]
[Site "Loo"]
[Date "2016.04.26"]
[Round "7.17"]
[White "Bocharova, Anastasia"]
[Black "Abasheeva, Ksenia"]
[Result "0-1"]
[WhiteElo "1612"]
[BlackElo "1886"]
[PlyCount "78"]
[EventDate "2016.04.20"]

1. Nf3 d5 2. d4 Nf6 3. Bf4 c5 4. e3 Nc6 5. c3 Qb6 6. Qc1 g6 7. Bd3 Bg7 8. Nbd2
Nd7 9. O-O e5 10. dxe5 Ndxe5 11. Bc2 O-O 12. e4 d4 13. Nxe5 Nxe5 14. cxd4 cxd4
15. Bxe5 Bxe5 16. Nc4 Bxh2+ 17. Kxh2 Qc7+ 18. g3 Qxc4 19. Bb3 Qe2 20. Qc2 Qh5+
21. Kg1 Bh3 22. Qd1 Bxf1 23. Qxh5 gxh5 24. Kxf1 Kg7 25. Rd1 Rad8 26. Bd5 f5 27.
Bxb7 Rb8 28. Bd5 Rxb2 29. Rxd4 fxe4 30. Rxe4 Rfxf2+ 31. Ke1 Rh2 32. Rd4 Rb1+
33. Rd1 Rxd1+ 34. Kxd1 Kf6 35. Ke1 Ke5 36. Bg8 h6 37. Kf1 Kf5 38. Kg1 Rb2 39.
Bf7 Kg4 0-1

[Event "Russian Championship G17 2016"]
[Site "Loo"]
[Date "2016.04.26"]
[Round "7.18"]
[White "Zhemchuzhina, Elizaveta"]
[Black "Shabunova, Ekaterina"]
[Result "1-0"]
[WhiteElo "2000"]
[BlackElo "1805"]
[PlyCount "59"]
[EventDate "2016.04.20"]

1. d4 g6 2. e4 Bg7 3. Be3 d6 4. Nc3 e5 5. Nge2 Nc6 6. d5 Nce7 7. Qd2 f5 8. exf5
gxf5 9. Bg5 Nf6 10. Ng3 h6 11. Bxf6 Bxf6 12. Nh5 Bg5 13. f4 exf4 14. h4 Ng6 15.
hxg5 hxg5 16. O-O-O Kf7 17. Qd4 Ne5 18. Re1 Rh6 19. Ng3 Qh8 20. Rxh6 Qxh6 21.
Nge2 Qh4 22. Rd1 Ng4 23. Qc4 Ne3 24. Qxc7+ Kg8 25. Qd8+ Kf7 26. Nb5 Nxd1 27.
Nxd6+ Kg7 28. Qe7+ Kg6 29. Qf7+ Kh6 30. Ne8 1-0

[Event "Russian Championship G17 2016"]
[Site "Loo"]
[Date "2016.04.26"]
[Round "7.19"]
[White "Dorofeeva, Nyurguiaana"]
[Black "Kheyfets, Nataliya"]
[Result "0-1"]
[WhiteElo "1851"]
[BlackElo "2035"]
[PlyCount "68"]
[EventDate "2016.04.20"]

1. d4 d5 2. c4 c6 3. Nc3 Nf6 4. cxd5 cxd5 5. Nf3 Nc6 6. e3 e6 7. a3 Bd7 8. Bd3
a6 9. O-O Bd6 10. b4 b5 11. e4 dxe4 12. Nxe4 Nxe4 13. Bxe4 Rc8 14. Bb2 f5 15.
Bc2 Ne7 16. Bb3 Nd5 17. Re1 O-O 18. Ne5 Be8 19. Nd3 Qf6 20. Qd2 Bc6 21. Nc5
Rce8 22. Qc2 Ba8 23. g3 f4 24. Nd7 Qh6 25. Nxf8 Rxf8 26. Qe2 Rf6 27. Rac1 Bb7
28. Rc2 fxg3 29. fxg3 Nf4 30. gxf4 Rg6+ 31. Kf1 Qh3+ 32. Kf2 Rg2+ 33. Kf1 Rg3+
34. Kf2 Qg2# 0-1

[Event "Russian Championship G17 2016"]
[Site "Loo"]
[Date "2016.04.26"]
[Round "7.20"]
[White "Teryaeva, Valeria"]
[Black "Spiridonova, Yana"]
[Result "0-1"]
[WhiteElo "1929"]
[BlackElo "1824"]
[PlyCount "82"]
[EventDate "2016.04.20"]

1. e4 c5 2. c3 d6 3. d4 cxd4 4. cxd4 g6 5. Nf3 Bg7 6. Nc3 Nf6 7. Be2 O-O 8. O-O
Nc6 9. h3 a6 10. a4 Bd7 11. Be3 Rc8 12. Rc1 Nb4 13. Qb3 a5 14. e5 Be6 15. Qd1
Nfd5 16. Nxd5 Nxd5 17. Rxc8 Qxc8 18. exd6 exd6 19. Qd2 Nxe3 20. fxe3 Bh6 21.
Rc1 Qd8 22. Rc3 Bd7 23. b3 Re8 24. Kf2 Qb6 25. Bc4 Kg7 26. g4 f6 27. Ne1 f5 28.
Kg3 d5 29. Be2 Qd6+ 30. Kg2 fxg4 31. hxg4 Qb4 32. Nc2 Qd6 33. Bf3 Rf8 34. Rc5
Bc6 35. Qxa5 Bg5 36. Qe1 Qf6 37. Qg3 Kg8 38. Nb4 Bxe3 39. Bxd5+ Bxd5+ 40. Nxd5
Qf1+ 41. Kh2 Rf2+ 0-1

[Event "Russian Championship G17 2016"]
[Site "Loo"]
[Date "2016.04.26"]
[Round "7.21"]
[White "Yurovskikh, Yasmin"]
[Black "Protasova, Anastasia"]
[Result "1-0"]
[WhiteElo "1892"]
[BlackElo "1843"]
[PlyCount "67"]
[EventDate "2016.04.20"]

1. e4 c6 2. d4 d5 3. Nc3 dxe4 4. Nxe4 Bf5 5. Ng3 Bg6 6. h4 h6 7. N1e2 e6 8. Nf4
Bh7 9. Bc4 Nf6 10. Qe2 Bd6 11. Ngh5 Bxf4 12. Nxg7+ Kf8 13. Nxe6+ fxe6 14. Bxf4
Be4 15. Qd2 Kg7 16. Rh3 c5 17. Rg3+ Kf7 18. Bxh6 Qxd4 19. Rg7+ Ke8 20. Qg5 Bxc2
21. Bb5+ Kd8 22. a4 a6 23. Rf7 axb5 24. Rxf6 Qe4+ 25. Kf1 Kc8 26. Qxc5+ Nc6 27.
Rc1 Bd3+ 28. Kg1 Rxa4 29. Bf4 Rg8 30. Rf8+ Rxf8 31. Qxf8+ Kd7 32. Qf7+ Kd8 33.
Bc7+ Kc8 34. Bb6 1-0

[Event "Russian Championship G17 2016"]
[Site "Loo"]
[Date "2016.04.26"]
[Round "7.22"]
[White "Borunova, Tatiana"]
[Black "Mukhtarova, Anastasiia"]
[Result "0-1"]
[WhiteElo "1699"]
[BlackElo "1877"]
[PlyCount "74"]
[EventDate "2016.04.20"]

1. e4 c5 2. Nc3 e6 3. g3 Nc6 4. Bg2 Nf6 5. d3 Be7 6. f4 d6 7. Nf3 Qc7 8. O-O
O-O 9. h3 Rb8 10. g4 b5 11. f5 b4 12. Ne2 Re8 13. Qe1 exf5 14. gxf5 d5 15. Nh2
dxe4 16. dxe4 Bd6 17. Ng4 Nxe4 18. Qh4 Ng3 19. Nxg3 Bxg3 20. Nh6+ Kf8 21. Qh5
Nd4 22. f6 g6 23. Qg5 Bh2+ 24. Kh1 Re5 25. Qh4 Rh5 26. Qe4 Be6 27. Ng4 Nf5 28.
Rf3 Ng3+ 29. Rxg3 Bxg3 30. Bh6+ Kg8 31. Bg7 Bxg4 32. Qxg4 Rh4 33. Qe2 Rd8 34.
Qe7 Qd6 35. Qxa7 Qd2 36. Qxc5 Rxh3+ 37. Kg1 Rh2 0-1

[Event "Russian Championship G17 2016"]
[Site "Loo"]
[Date "2016.04.26"]
[Round "7.23"]
[White "Bushueva, Tatjana"]
[Black "Kovaleva, Ekaterina"]
[Result "1/2-1/2"]
[WhiteElo "1678"]
[BlackElo "1786"]
[PlyCount "112"]
[EventDate "2016.04.20"]

1. e4 e5 2. Nf3 Nc6 3. Bb5 a6 4. Ba4 Nf6 5. O-O b5 6. Bb3 Be7 7. Re1 O-O 8. c3
d5 9. d3 dxe4 10. dxe4 Bb7 11. Nbd2 Bc5 12. h3 Qe7 13. Nf1 Rad8 14. Qe2 Na5 15.
Bc2 Nc4 16. Ng3 Nd6 17. Nh2 Kh8 18. Ng4 Nxg4 19. Qxg4 Qf6 20. Nf5 Qg6 21. Qf3
Rd7 22. Nh4 Qe6 23. Nf5 Rfd8 24. Be3 Bxe3 25. Nxe3 Qg6 26. Ng4 Qg5 27. Qe2 Nc4
28. Rad1 Rd2 29. Rxd2 Rxd2 30. Qf3 Rxc2 31. Qxf7 Qd8 32. b3 Nd6 33. Qh5 Qe8 34.
Qg5 Nf7 35. Qe3 Rxa2 36. Qc5 h5 37. Qxc7 hxg4 38. Qxb7 gxh3 39. gxh3 Nd6 40.
Qc7 Qg6+ 41. Kf1 Nxe4 42. Qd8+ Kh7 43. Qh4+ Kg8 44. Qxe4 Qxe4 45. Rxe4 Ra3 46.
Rb4 Kf7 47. Ke2 Ke6 48. Kd3 Kd5 49. h4 Kc5 50. Re4 Rxb3 51. Rxe5+ Kc6 52. Re6+
Kc5 53. Rxa6 b4 54. Ra5+ Kb6 55. Rg5 Rxc3+ 56. Kd2 Rc7 1/2-1/2

[Event "Russian Championship G17 2016"]
[Site "Loo"]
[Date "2016.04.26"]
[Round "7.24"]
[White "Kazak, Natalia"]
[Black "Alekseeva, Angelina"]
[Result "1-0"]
[WhiteElo "1784"]
[BlackElo "1619"]
[PlyCount "69"]
[EventDate "2016.04.20"]

1. d4 Nf6 2. c4 e6 3. Nc3 Bb4 4. Bd2 O-O 5. Nf3 b6 6. e3 Bb7 7. Bd3 d6 8. O-O
Nbd7 9. Qe2 Bxc3 10. Bxc3 Ne4 11. Rac1 f5 12. Rfd1 Ndf6 13. Be1 Qe7 14. Bb1 g5
15. Nd2 Nxd2 16. Bxd2 Ne4 17. Be1 g4 18. b4 Rf6 19. d5 exd5 20. cxd5 Rh6 21. f3
Qe5 22. f4 Qg7 23. Bxe4 fxe4 24. Qc2 Rc8 25. Qxe4 Qf7 26. f5 Qh5 27. Qf4 Rf6
28. e4 Ba6 29. Bc3 Rf7 30. Re1 Re8 31. Re3 Rfe7 32. f6 Rf8 33. Rg3 Bc8 34. Rf1
Qg6 35. fxe7 1-0

[Event "Russian Championship G17 2016"]
[Site "Loo"]
[Date "2016.04.26"]
[Round "7.25"]
[White "Dekalyuk, Anastasiya"]
[Black "Bychenkova, Yulia"]
[Result "1-0"]
[WhiteElo "1554"]
[BlackElo "1696"]
[PlyCount "65"]
[EventDate "2016.04.20"]

1. e4 d5 2. exd5 Qxd5 3. Nc3 Qd6 4. d4 Nf6 5. Nb5 Qb6 6. c4 a6 7. Nc3 Qd6 8.
Nf3 Nc6 9. Be2 Bg4 10. c5 Qd7 11. d5 Bxf3 12. Bxf3 Ne5 13. Bf4 Nxf3+ 14. Qxf3
e6 15. c6 bxc6 16. dxc6 Qc8 17. Rd1 Be7 18. g4 O-O 19. g5 Ne8 20. O-O Nd6 21.
Ne4 Qb8 22. Bxd6 cxd6 23. Nf6+ Bxf6 24. gxf6 g6 25. b3 d5 26. Qe3 Qd8 27. Qf4
Rc8 28. Rd3 h6 29. Rc1 Rc7 30. Rh3 g5 31. Qe5 d4 32. Rc5 Rxc6 33. Qxg5+ 1-0